Numerical Computational Methods, Revised Edition (Record no. 27328)

MARC details
000 -LEADER
fixed length control field 00329nam a2200133Ia 4500
008 - FIXED-LENGTH DATA ELEMENTS--GENERAL INFORMATION
fixed length control field 240827s9999 xx 000 0 und d
020 ## - INTERNATIONAL STANDARD BOOK NUMBER
ISBN 9788173199516
100 ## - MAIN ENTRY--AUTHOR NAME
Personal name P.B. Patil
245 #0 - TITLE STATEMENT
Title Numerical Computational Methods, Revised Edition
250 ## - EDITION STATEMENT
Edition statement Rev. Ed.
260 ## - PUBLICATION, DISTRIBUTION, ETC. (IMPRINT)
Name of publisher NAROSA
Year of publication 2017
942 ## - ADDED ENTRY ELEMENTS (KOHA)
Koha item type Books
650 ## -
-- Chemistry
Holdings
Withdrawn status Lost status Damaged status Not for loan Home library Current library Department Date acquired Total Checkouts Full call number Accession Number Koha item type
        Central University Of Rajasthan Central University Of Rajasthan   27/08/2024   517.6 P27N 44165 Books
        Central University Of Rajasthan Central University Of Rajasthan   27/08/2024   517.6 P27N 44166 Books